[Event "XXXIV Moglianoscacchi B"]
[Site "Mogliano Veneto ITA"]
[Date "2013.04.26"]
[Round "3"]
[White "Rampazzo, Loriano"]
[Black "Pompili, Alberto"]
[WhiteElo "1748"]
[BlackElo "1803"]
[Result "1-0"]
[PlyCount "49"]
[EventDate "2013.04.25"]

1. Nf3 Nf6 2. d4 e6 3. e3 d5 4. Bd3 c5 5. b3 Nbd7 6. O-O Qc7 7. Nbd2 g6 8. Bb2
Bg7 9. Qe2 O-O 10. c4 cxd4 11. exd4 Nb8 12. Ne5 Nc6 13. Ndf3 Bd7 14. Rfe1 Rfe8
15. Rac1 Rac8 16. a3 Qd8 17. c5 a5 18. Qd2 Ra8 19. b4 axb4 20. axb4 Rf8 21. Ra1
Qe7 22. b5 Rxa1 23. Rxa1 Nxe5 24. Nxe5 Rc8 25. Ra7 1-0

[Event "XXXIV Moglianoscacchi B"]
[Site "Mogliano Veneto ITA"]
[Date "2013.04.26"]
[Round "3"]
[White "Rosina, Graziano"]
[Black "Bonan, Yves"]
[WhiteElo "1784"]
[BlackElo "1869"]
[Result "0-1"]
[PlyCount "125"]
[EventDate "2013.04.25"]

1. c4 Nf6 2. Nf3 g6 3. g3 Bg7 4. Bg2 O-O 5. O-O d6 6. d4 Nbd7 7. Nc3 c5 8. Re1
cxd4 9. Nxd4 Rb8 10. b3 Nc5 11. Bb2 Ne6 12. e3 a6 13. Rc1 Bd7 14. Ba1 Re8 15.
Nd5 Qa5 16. Bc3 Qd8 17. Qd2 b6 18. Nxe6 fxe6 19. Nxf6+ exf6 20. Qxd6 Bf8 21.
Qd2 e5 22. Rcd1 Be6 23. Bd5 Kf7 24. Bxe6+ Kxe6 25. Qd5+ Qxd5 26. Rxd5 Red8 27.
e4 b5 28. Red1 Rxd5 29. cxd5+ Kd7 30. Bb2 Rc8 31. Rc1 Bc5 32. Kf1 a5 33. Ke2 a4
34. bxa4 bxa4 35. Rc3 Rb8 36. Ba3 Bxa3 37. Rxa3 Rb4 38. Ke3 f5 39. f3 h5 40. h4
Rd4 41. Rc3 Rb4 42. Kd3 Rd4+ 43. Ke3 Rb4 44. Rc6 Rb2 45. Rxg6 fxe4 46. fxe4
Rxa2 47. Rg5 Ra3+ 48. Kf2 Ra2+ 49. Kf3 Ra3+ 50. Kg2 Ra2+ 51. Kh3 Kd6 52. Rxh5
Ra1 53. Rh6+ Kc5 54. Rc6+ Kd4 55. d6 Kxe4 56. d7 Rd1 57. Rc4+ Kf3 58. Rc3+ Kf2
59. Ra3 e4 60. Rxa4 Kf3 61. Kh2 Rd2+ 62. Kh3 Rxd7 63. Kh2 {...} 0-1

[Event "XXXIV Moglianoscacchi B"]
[Site "Mogliano Veneto ITA"]
[Date "2013.04.26"]
[Round "3"]
[White "Rossi, Gianni"]
[Black "Artuso, Sofia"]
[WhiteElo "1822"]
[BlackElo "1621"]
[Result "1-0"]
[PlyCount "67"]
[EventDate "2013.04.25"]

1. d4 d5 2. e4 c6 3. Nc3 e6 4. Nf3 f5 5. e5 Ne7 6. Bd3 Ng6 7. Bg5 Be7 8. Qd2
O-O 9. h4 b6 10. h5 Bxg5 11. Nxg5 Ne7 12. Ne2 h6 13. Nf3 Ba6 14. Nf4 Qd7 15.
Rh3 c5 16. c3 Bxd3 17. Qxd3 c4 18. Qd2 b5 19. Rg3 Nbc6 20. Ke2 a5 21. Ng6 Nxg6
22. Rxg6 Kh8 23. Nh4 Ne7 24. Rg3 Rab8 25. Ng6+ Nxg6 26. Rxg6 b4 27. Rh1 bxc3
28. bxc3 a4 29. Qc1 Qe7 30. Rh3 a3 31. Rhg3 Rb2+ 32. Kf3 Qh4 33. Qxh6+ gxh6 34.
Rxh6# 1-0

[Event "XXXIV Moglianoscacchi B"]
[Site "Mogliano Veneto ITA"]
[Date "2013.04.26"]
[Round "3"]
[White "Simonetto, Andrea"]
[Black "Belloni, Umberto"]
[WhiteElo "1637"]
[BlackElo "1808"]
[Result "1-0"]
[PlyCount "55"]
[EventDate "2013.04.25"]

1. d4 d5 2. c4 c6 3. Nc3 f5 4. Nf3 e6 5. Bf4 Nf6 6. e3 a6 7. c5 Nbd7 8. a4 a5
9. Qc2 Be7 10. Bd3 h6 11. h4 Ne4 12. h5 Ng5 13. Ne5 Nxe5 14. Bxe5 Bf6 15. Bxf6
Qxf6 16. Ne2 Nh7 17. O-O-O Nf8 18. Rdg1 g5 19. hxg6 Nxg6 20. g4 Bd7 21. gxf5
exf5 22. Rh5 Ne7 23. Nf4 Rf8 24. Rgh1 Rh8 25. Qb3 Bc8 26. Qb6 Ng6 27. Nxd5 Qd8
28. Nc7+ 1-0

[Event "XXXIV Moglianoscacchi B"]
[Site "Mogliano Veneto ITA"]
[Date "2013.04.26"]
[Round "3"]
[White "Sotter-Klundt, Gerlinde"]
[Black "Guidobene, Davide"]
[WhiteElo "1803"]
[BlackElo "1682"]
[Result "0-1"]
[PlyCount "62"]
[EventDate "2013.04.25"]

1. d4 Nf6 2. c4 e6 3. Nf3 Bb4+ 4. Bd2 Qe7 5. Nc3 O-O 6. Qc2 d6 7. e4 e5 8. d5
Bg4 9. Be2 Na6 10. O-O Kh8 11. a3 Bxc3 12. Bxc3 Nc5 13. h3 Bh5 14. Bd3 Bxf3 15.
gxf3 Nh5 16. Bd2 Nxd3 17. Qxd3 Qh4 18. Kg2 Nf4+ 19. Bxf4 Qxf4 20. Qe3 Qh4 21.
Kh2 f5 22. Rac1 Rf6 23. exf5 Rxf5 24. Qe4 Rf4 25. Qe2 Raf8 26. Rc3 Qh5 27. Kg2
e4 28. Kh2 Qe5 29. Kh1 Rxf3 30. Re3 Qh5 31. Rxf3 Rxf3 0-1

[Event "XXXIV Moglianoscacchi B"]
[Site "Mogliano Veneto ITA"]
[Date "2013.04.26"]
[Round "3"]
[White "Stringhetta, Elio"]
[Black "Marchetti, Roberto"]
[WhiteElo "1680"]
[BlackElo "1758"]
[Result "1-0"]
[PlyCount "82"]
[EventDate "2013.04.25"]

1. d4 Nf6 2. Bf4 e6 3. e3 b6 4. Nf3 Bb7 5. Nbd2 Be7 6. h3 d6 7. a3 Nbd7 8. Bb5
a6 9. Bc4 O-O 10. O-O c5 11. c3 Rc8 12. Ba2 Ne4 13. Bb1 Ndf6 14. Nxe4 Bxe4 15.
Ng5 Bxb1 16. Rxb1 Nd5 17. Nf3 Nxf4 18. exf4 d5 19. Re1 Re8 20. Ne5 f6 21. Ng4
Bd6 22. Qd2 Qc7 23. g3 cxd4 24. cxd4 Qc2 25. Qe3 Qg6 26. Rbc1 Rxc1 27. Rxc1 h5
28. Nh2 e5 29. fxe5 fxe5 30. dxe5 Bxe5 31. Qf3 Rd8 32. Qe2 Qg5 33. Re1 Bf6 34.
Qe6+ Kh8 35. Nf3 Qh6 36. Qxb6 Rf8 37. Qd6 Rf7 38. Qxd5 Rc7 39. Re8+ Kh7 40.
Qf5+ g6 41. Qxf6 Qg7 1-0

[Event "XXXIV Moglianoscacchi B"]
[Site "Mogliano Veneto ITA"]
[Date "2013.04.26"]
[Round "3"]
[White "Zamengo, Bruno"]
[Black "Bortolotto, Denzio"]
[WhiteElo "1900"]
[BlackElo "1815"]
[Result "1/2-1/2"]
[PlyCount "155"]
[EventDate "2013.04.25"]

1. e4 c5 2. Nf3 d6 3. d4 cxd4 4. Nxd4 Nf6 5. Nc3 a6 6. Bg5 e6 7. f4 Be7 8. Qf3
Qc7 9. O-O-O O-O 10. g4 b5 11. Bxf6 Bxf6 12. g5 Bxd4 13. Rxd4 Bb7 14. Rg1 Nc6
15. Rd2 f5 16. exf5 Ne7 17. Qe2 exf5 18. Qe6+ Kh8 19. Qxd6 Qxd6 20. Rxd6 Ng6
21. Ne2 Bf3 22. Bg2 Bxe2 23. Bxa8 Rxa8 24. Re1 Bc4 25. b3 Bg8 26. Kb2 a5 27. a3
a4 28. Rb6 axb3 29. cxb3 Nxf4 30. Rf1 Nd3+ 31. Kc3 Nc5 32. Rxf5 Nxb3 33. Rbxb5
Rc8+ 34. Kb2 Nd4 35. Rfc5 Ra8 36. Rb4 Ne6 37. Re5 Nc7 38. Rb7 Nd5 39. h4 g6 40.
a4 Nf4 41. Ka3 Nd3 42. Reb5 Nf4 43. Rd7 Ng2 44. Kb4 Nxh4 45. a5 Nf5 46. a6 Be6
47. Rc7 Rxa6 48. Re5 h6 49. gxh6 Nxh6 50. Rb5 Bf7 51. Rg5 Kg7 52. Rg1 Rd6 53.
Kc5 Rd5+ 54. Kc6 Rd3 55. Ra7 Kf6 56. Rf1+ Nf5 57. Kc5 Rd5+ 58. Kc6 Rd3 59. Kc5
Be6 60. Ra6 Rc3+ 61. Kb4 Rd3 62. Kc5 g5 63. Rg1 Ng7 64. Rf1+ Kg6 65. Rg1 Rd5+
66. Kc6 Nf5 67. Ra3 Nd4+ 68. Kb6 g4 69. Re3 Kg5 70. Rf1 Bf5 71. Re8 Nf3 72. Kc6
Rd2 73. Kc5 Kf4 74. Rf8 g3 75. Rg8 Rf2 76. Ra1 g2 77. Kd5 Bg4 78. Ra4+ 1/2-1/2

[Event "XXXIV Moglianoscacchi B"]
[Site "Mogliano Veneto ITA"]
[Date "2013.04.26"]
[Round "3"]
[White "Zanirato, Stefano"]
[Black "Barbieri, Lorenzo"]
[WhiteElo "1872"]
[BlackElo "1807"]
[Result "1-0"]
[PlyCount "99"]
[EventDate "2013.04.25"]

1. e4 c5 2. Nf3 e6 3. e5 Nc6 4. Bb5 Nge7 5. O-O Qb6 6. Na3 Ng6 7. Bxc6 dxc6 8.
d3 Be7 9. Qe2 Qc7 10. Qe4 Rb8 11. Re1 b5 12. h4 h5 13. Bg5 Bb7 14. c4 b4 15.
Nc2 Rd8 16. b3 a5 17. a4 Nf8 18. Bxe7 Qxe7 19. Rad1 Rh6 20. Qe3 Rg6 21. Ng5 Bc8
22. Qf3 Bb7 23. Ne4 Qxh4 24. Nd6+ Rxd6 25. exd6 Rf6 26. Qg3 Qxg3 27. fxg3 Ng6
28. Rf1 Rxf1+ 29. Rxf1 Bc8 30. d4 cxd4 31. Nxd4 Bd7 32. Re1 Kf8 33. Nf3 f6 34.
c5 Kf7 35. Nd2 Ne5 36. Rxe5 fxe5 37. Nc4 e4 38. Ne5+ Ke8 39. Kf2 Kd8 40. Ke3
Be8 41. Kxe4 g5 42. Ke3 Kc8 43. Nc4 Bg6 44. Nxa5 Kd7 45. Nc4 Bc2 46. Nd2 e5 47.
a5 Bf5 48. Ne4 g4 49. a6 Kc8 50. Nf6 1-0

[Event "XXXIV Moglianoscacchi B"]
[Site "Mogliano Veneto ITA"]
[Date "2013.04.27"]
[Round "4"]
[White "Artuso, Sofia"]
[Black "Civitareale, Alberto"]
[WhiteElo "1621"]
[BlackElo "1737"]
[Result "0-1"]
[PlyCount "94"]
[EventDate "2013.04.25"]

1. e4 e5 2. Nf3 Nc6 3. d4 exd4 4. Bc4 d6 5. Nxd4 Nf6 6. Nc3 Be7 7. O-O O-O 8.
b3 Nxd4 9. Qxd4 c6 10. Bb2 b5 11. Be2 Bb7 12. Kh1 Re8 13. f4 a6 14. Rad1 c5 15.
Qe3 Qc7 16. e5 dxe5 17. fxe5 Bf8 18. Nb1 Nd7 19. Qf4 Nxe5 20. Bf3 Bxf3 21. Rxf3
Bd6 22. Rff1 Nd3 23. Qd2 Nxb2 24. Qxd6 Qxd6 25. Rxd6 Red8 26. Rxd8+ Rxd8 27.
Nc3 Rd2 28. Rc1 f5 29. Kg1 c4 30. Kf1 cxb3 31. axb3 b4 32. Ne2 Rd1+ 33. Rxd1
Nxd1 34. Nd4 Ne3+ 35. Kf2 Nd5 36. Nxf5 Kf7 37. Kf3 Kf6 38. Ke4 Nc3+ 39. Kf4 g5+
40. Kg4 h5+ 41. Kxh5 Kxf5 42. h4 gxh4 43. Kxh4 Ne4 44. g4+ Kf4 45. Kh5 Nf6+ 46.
Kh4 Nxg4 47. Kh5 Ne3 0-1

[Event "XXXIV Moglianoscacchi B"]
[Site "Mogliano Veneto ITA"]
[Date "2013.04.27"]
[Round "4"]
[White "Barbieri, Lorenzo"]
[Black "Pagan, Nicolo'"]
[WhiteElo "1807"]
[BlackElo "1774"]
[Result "1/2-1/2"]
[PlyCount "48"]
[EventDate "2013.04.25"]

1. c4 e5 2. Nc3 Nf6 3. g3 Bb4 4. d3 O-O 5. Bd2 Re8 6. Bg2 c6 7. Ne4 Bxd2+ 8.
Nxd2 d5 9. cxd5 cxd5 10. e3 Nc6 11. Ne2 Qb6 12. Nb3 Bg4 13. O-O Rac8 14. h3 Be6
15. d4 exd4 16. Nexd4 Nxd4 17. exd4 Nd7 18. Qd2 Rc7 19. Rac1 Rec8 20. Rxc7 Rxc7
21. Rc1 Rc6 22. Rc3 Qc7 23. Qc1 Rxc3 24. Qxc3 Qc6 1/2-1/2

[Event "XXXIV Moglianoscacchi B"]
[Site "Mogliano Veneto ITA"]
[Date "2013.04.27"]
[Round "4"]
[White "Belloni, Umberto"]
[Black "Zamengo, Bruno"]
[WhiteElo "1808"]
[BlackElo "1900"]
[Result "1/2-1/2"]
[PlyCount "81"]
[EventDate "2013.04.25"]

1. d4 Nf6 2. c3 d6 3. Bg5 Nbd7 4. Qa4 c6 5. Nd2 e5 6. e3 Be7 7. Qc2 d5 8. dxe5
Nxe5 9. Ngf3 Nxf3+ 10. gxf3 h6 11. Bh4 Qc7 12. Bd3 Bd7 13. f4 g5 14. Bg3 Bd6
15. fxg5 hxg5 16. O-O-O O-O-O 17. Bf5 Kb8 18. Bxd7 Bxg3 19. hxg3 Qxd7 20. Nf3
Rxh1 21. Rxh1 Ne4 22. Rh2 f6 23. Nd2 f5 24. Nf1 g4 25. Nd2 Qg7 26. Qd1 Nxd2 27.
Qxd2 Rh8 28. Rxh8+ Qxh8 29. Qd4 Qh1+ 30. Kc2 Qe4+ 31. Kb3 b6 32. c4 Kb7 33. Kc3
Kc7 34. Qg7+ Kd6 35. Qf8+ Kc7 36. Qg7+ Kb8 37. cxd5 Qxd5 38. Qf8+ Kb7 39. Qe7+
Ka6 40. Qa3+ Kb7 41. Qe7+ 1/2-1/2

[Event "XXXIV Moglianoscacchi B"]
[Site "Mogliano Veneto ITA"]
[Date "2013.04.27"]
[Round "4"]
[White "Bonan, Yves"]
[Black "Negro, Raffaele"]
[WhiteElo "1869"]
[BlackElo "1838"]
[Result "1-0"]
[PlyCount "145"]
[EventDate "2013.04.25"]

1. Nf3 b6 2. g3 Bb7 3. Bg2 e6 4. c4 g6 5. Nc3 Bg7 6. d3 f5 7. Qc2 Nf6 8. Bg5 h6
9. Bxf6 Bxf6 10. b4 Nc6 11. Rb1 Nd4 12. Qc1 a5 13. bxa5 Rxa5 14. O-O Nxf3+ 15.
Bxf3 Bxf3 16. exf3 Qa8 17. Nb5 Kd8 18. c5 Qc6 19. cxb6 Rxb5 20. Rxb5 Qxb5 21.
Qxc7+ Ke7 22. b7 Be5 23. Qc8 Rd8 24. Rc1 Qxd3 25. a4 Qa3 26. Qc5+ Qxc5 27. Rxc5
Rb8 28. Rxe5 Rxb7 29. a5 Rb1+ 30. Kg2 d6 31. Re3 Ra1 32. Rb3 Rxa5 33. Rb7+ Kf6
34. h4 h5 35. f4 d5 36. Rd7 Ra3 37. Rd8 Rd3 38. Rd7 d4 39. Rd8 Rd1 40. Rd7 Rd3
41. Kf1 Ra3 42. Rxd4 Ra6 43. Kg2 e5 44. fxe5+ Kxe5 45. Rd8 Ke4 46. Re8+ Kd5 47.
Re7 Kd6 48. Re8 Kd7 49. Re3 Ra4 50. Kf3 Kd6 51. Re8 Kd7 52. Re2 Rg4 53. Re5 Kd6
54. Re8 Kd5 55. Re1 Ra4 56. Re8 Rb4 57. Rg8 Rb6 58. Kf4 Rb4+ 59. Kg5 Rg4+ 60.
Kf6 f4 61. Rxg6 fxg3 62. Rxg4 hxg4 63. fxg3 Ke4 64. h5 Kf3 65. h6 Kxg3 66. h7
Kf2 67. h8=Q g3 68. Qh4 Kf3 69. Qh1+ g2 70. Qg1 Kg3 71. Kg5 Kh3 72. Kf5 Kg3 73.
Ke4 1-0

[Event "XXXIV Moglianoscacchi B"]
[Site "Mogliano Veneto ITA"]
[Date "2013.04.27"]
[Round "4"]
[White "Bortolotto, Denzio"]
[Black "Militello, Michele"]
[WhiteElo "1815"]
[BlackElo "1801"]
[Result "0-1"]
[PlyCount "72"]
[EventDate "2013.04.25"]

1. d4 d6 2. Nf3 Nf6 3. g3 Nbd7 4. Bg2 g6 5. O-O Bg7 6. Bg5 O-O 7. Nbd2 h6 8.
Bf4 Nd5 9. e4 Nxf4 10. gxf4 e5 11. fxe5 dxe5 12. dxe5 Nxe5 13. Nxe5 Bxe5 14. c3
Qe7 15. f4 Bg7 16. Kh1 Rd8 17. Qe1 Rb8 18. Nf3 b6 19. Qe3 c5 20. Rae1 Ba6 21.
Rf2 Rd3 22. Qc1 Rbd8 23. Bf1 c4 24. Bg2 Qc5 25. Ref1 Bb7 26. Qe1 Qh5 27. e5 Qg4
28. Nd4 Bxg2+ 29. Rxg2 Qh3 30. Rfg1 Re3 31. Qf1 Qc8 32. Qf2 Rd3 33. Qe2 Re8 34.
Nb5 Qc5 35. Nd4 Qd5 36. h4 Rh3# 0-1

[Event "XXXIV Moglianoscacchi B"]
[Site "Mogliano Veneto ITA"]
[Date "2013.04.27"]
[Round "4"]
[White "Carraro, Riccardo"]
[Black "Rosina, Graziano"]
[WhiteElo "1782"]
[BlackElo "1784"]
[Result "0-1"]
[PlyCount "70"]
[EventDate "2013.04.25"]

1. e4 e5 2. Nf3 Nf6 3. Nc3 Nc6 4. d4 exd4 5. Nxd4 Bb4 6. Nxc6 bxc6 7. Bd2 O-O
8. Bd3 Re8 9. O-O d5 10. exd5 cxd5 11. a3 Bd6 12. Bg5 c6 13. Re1 Rxe1+ 14. Qxe1
Be6 15. h3 h6 16. Bh4 Be7 17. Rd1 Nh5 18. Bxe7 Qxe7 19. Qe5 Nf6 20. Re1 Nd7 21.
Qc7 Qg5 22. Qxc6 Rb8 23. Qd6 Rb6 24. Qc7 g6 25. Qxa7 Bxh3 26. g3 Re6 27. Rxe6
Bxe6 28. Qe3 Qh5 29. a4 Ne5 30. Be2 Qf5 31. a5 Nc6 32. a6 d4 33. Qe4 dxc3 34.
Qxc6 cxb2 35. Qb5 Qxb5 0-1

[Event "XXXIV Moglianoscacchi B"]
[Site "Mogliano Veneto ITA"]
[Date "2013.04.27"]
[Round "4"]
[White "Giancristofaro, Luca"]
[Black "Stringhetta, Elio"]
[WhiteElo "1780"]
[BlackElo "1680"]
[Result "1-0"]
[PlyCount "75"]
[EventDate "2013.04.25"]

1. d4 d5 2. c4 c6 3. Nf3 g6 4. Nc3 Nf6 5. e3 Bg7 6. Qb3 O-O 7. cxd5 cxd5 8. Bd3
Nc6 9. h3 a6 10. a4 Re8 11. Ne5 e6 12. f4 Nh5 13. O-O Qh4 14. Bd2 Qe7 15. Ne2
Nxe5 16. fxe5 Bh6 17. Rf3 Bd7 18. Raf1 b5 19. a5 f6 20. exf6 Nxf6 21. Rxf6 Bc6
22. Qc2 e5 23. Qxc6 exd4 24. Qxd5+ Kh8 25. Rf7 Bxe3+ 26. Kh1 Bxd2 27. Qxd4+ Qe5
28. Rf8+ Kg7 29. Qxe5+ Rxe5 30. Rxa8 b4 31. Rxa6 Rd5 32. Bc4 Re5 33. Ra7+ Kh6
34. Rff7 Kg5 35. Rxh7 Rf5 36. Ng3 Re5 37. Rae7 Rxa5 38. Ne4+ 1-0

[Event "XXXIV Moglianoscacchi B"]
[Site "Mogliano Veneto ITA"]
[Date "2013.04.27"]
[Round "4"]
[White "Girgenti, Giuseppe"]
[Black "Panican, Gheorghe"]
[WhiteElo "1876"]
[BlackElo "1983"]
[Result "1-0"]
[PlyCount "69"]
[EventDate "2013.04.25"]

1. e4 c5 2. Nf3 d6 3. Bb5+ Bd7 4. Bxd7+ Qxd7 5. O-O Nc6 6. Re1 g6 7. c3 Bg7 8.
Na3 e5 9. Nc2 Nge7 10. d3 h6 11. Be3 O-O 12. Qd2 Kh7 13. d4 cxd4 14. cxd4 Qd8
15. Rad1 f5 16. exf5 gxf5 17. dxe5 dxe5 18. Qc1 Qa5 19. Qb1 Rad8 20. b4 Qc7 21.
Bc5 b6 22. Bxe7 Nxe7 23. Ne3 e4 24. Nh4 Kh8 25. Qb3 Qe5 26. Rxd8 Rxd8 27. Nexf5
Qc3 28. Qb1 Nxf5 29. Nxf5 Bf8 30. Qxe4 Bxb4 31. Nxh6 Kg7 32. Nf5+ Kf6 33. Qe6+
Kg5 34. h4+ Kh5 35. Qh6+ 1-0

[Event "XXXIV Moglianoscacchi B"]
[Site "Mogliano Veneto ITA"]
[Date "2013.04.27"]
[Round "4"]
[White "Guidobene, Davide"]
[Black "Penzo, Amleto"]
[WhiteElo "1682"]
[BlackElo "1845"]
[Result "1/2-1/2"]
[PlyCount "77"]
[EventDate "2013.04.25"]

1. d4 Nf6 2. c4 g6 3. Nc3 Bg7 4. e4 d6 5. Bd3 O-O 6. Nge2 c5 7. f3 Nc6 8. d5
Ne5 9. Be3 Qb6 10. Rb1 a5 11. O-O h5 12. Qc2 Nfd7 13. b3 Qd8 14. Bg5 f6 15. Bd2
Nxd3 16. Qxd3 Ne5 17. Qc2 Bd7 18. f4 Ng4 19. f5 Qe8 20. a4 Bh6 21. Nf4 Bxf4 22.
Bxf4 g5 23. Bd2 Qf7 24. Nb5 Bxb5 25. cxb5 b6 26. g3 h4 27. h3 Ne5 28. g4 Rac8
29. Bc3 Nd7 30. Bd2 Rc7 31. Be3 Rfc8 32. Rfc1 Qe8 33. Qe2 Qd8 34. Rc2 Ne5 35.
Rbc1 Kf7 36. Kg2 Qh8 37. Bg1 Kg7 38. Bh2 Nf7 39. Rc4 1/2-1/2

[Event "XXXIV Moglianoscacchi B"]
[Site "Mogliano Veneto ITA"]
[Date "2013.04.27"]
[Round "4"]
[White "Orsatti, Marcello"]
[Black "Brunelli, Flavio"]
[WhiteElo "1926"]
[BlackElo "1755"]
[Result "1-0"]
[PlyCount "60"]
[EventDate "2013.04.25"]

1. c4 g6 2. g3 Bg7 3. Bg2 Nf6 4. Nc3 c6 5. e4 d6 6. Nge2 Nbd7 7. d4 c5 8. d5 a6
9. O-O Nb6 10. b3 Bd7 11. h3 Qc7 12. Be3 O-O 13. Qd2 Rfe8 14. f4 e6 15. e5 Nh5
16. g4 exd5 17. cxd5 Nxf4 18. Bxf4 Bxe5 19. Bxe5 Rxe5 20. Qf4 f5 21. gxf5 Rxf5
22. Qd2 Raf8 23. Rxf5 Bxf5 24. Ng3 Bc8 25. Rf1 Qe7 26. Rxf8+ Kxf8 27. Qf4+ Kg7
28. Nge4 Qe5 29. Qxe5+ dxe5 30. Nxc5 Kf6 1-0

[Event "XXXIV Moglianoscacchi B"]
[Site "Mogliano Veneto ITA"]
[Date "2013.04.27"]
[Round "4"]
[White "Poletti, Fausto"]
[Black "Simonetto, Andrea"]
[WhiteElo "1904"]
[BlackElo "1637"]
[Result "1-0"]
[PlyCount "43"]
[EventDate "2013.04.25"]

1. c4 c5 2. Nf3 Nc6 3. d4 cxd4 4. Nxd4 d6 5. Nc3 Nf6 6. e4 g6 7. Be2 Bg7 8. Be3
Bd7 9. O-O Rc8 10. Rc1 O-O 11. b3 a6 12. f3 Nxd4 13. Bxd4 Re8 14. Qd2 Bc6 15.
Rfd1 Nd7 16. Be3 Nf6 17. Bf1 Qd7 18. a4 Nh5 19. c5 Bxc3 20. Rxc3 Red8 21. cxd6
Qxd6 22. Rd3 1-0

[Event "XXXIV Moglianoscacchi B"]
[Site "Mogliano Veneto ITA"]
[Date "2013.04.27"]
[Round "4"]
[White "Pompili, Alberto"]
[Black "Gennari, Andrea"]
[WhiteElo "1803"]
[BlackElo "1654"]
[Result "1-0"]
[PlyCount "105"]
[EventDate "2013.04.25"]

1. d4 Nf6 2. Nf3 e6 3. e3 d5 4. Bd3 c5 5. c3 Nc6 6. Nbd2 Bd6 7. O-O O-O 8. Qe2
Qc7 9. dxc5 Bxc5 10. e4 Rd8 11. e5 Nd7 12. Re1 d4 13. cxd4 Bxd4 14. Nxd4 Nxd4
15. Qe4 Nf8 16. Nf3 Nxf3+ 17. Qxf3 Bd7 18. Qg3 Kh8 19. Bg5 Re8 20. Rac1 Qb6 21.
b3 Bb5 22. Be3 Qa6 23. Bb1 Bd3 24. Bxd3 Qxd3 25. h3 Ng6 26. Red1 Qb5 27. f4 b6
28. Qf2 Rac8 29. Bd4 Ne7 30. Bb2 Nd5 31. Re1 Qa5 32. a3 Qb5 33. Qf3 Red8 34.
Kh2 a5 35. Rf1 a4 36. b4 Rc4 37. Rxc4 Qxc4 38. Rf2 Rc8 39. f5 exf5 40. Qxf5 Rf8
41. e6 f6 42. Rd2 Ne3 43. e7 Qc7+ 44. g3 Qxe7 45. Qd3 Re8 46. Bd4 Nd5 47. Bf2
Rd8 48. Bxb6 Rd7 49. Bc5 Qd8 50. Qc2 Ne7 51. Rxd7 Qxd7 52. Bxe7 Qxe7 53. Qc8+
1-0

[Event "XXXIV Moglianoscacchi B"]
[Site "Mogliano Veneto ITA"]
[Date "2013.04.27"]
[Round "4"]
[White "Rampazzo, Loriano"]
[Black "Bozzao, Francesco"]
[WhiteElo "1748"]
[BlackElo "1857"]
[Result "1-0"]
[PlyCount "33"]
[EventDate "2013.04.25"]

1. Nf3 c5 2. b3 Nf6 3. Bb2 d5 4. e3 e6 5. d4 Nc6 6. Nbd2 Bd6 7. a3 O-O 8. Bd3
Qc7 9. dxc5 Bxc5 10. Bxf6 gxf6 11. h4 Ne5 12. Nxe5 fxe5 13. Bxh7+ Kxh7 14. Qh5+
Kg7 15. Rh3 e4 16. Qg5+ Kh7 17. Rg3 1-0

[Event "XXXIV Moglianoscacchi B"]
[Site "Mogliano Veneto ITA"]
[Date "2013.04.27"]
[Round "4"]
[White "Rossi, Gianni"]
[Black "Zanirato, Stefano"]
[WhiteElo "1822"]
[BlackElo "1872"]
[Result "1-0"]
[PlyCount "75"]
[EventDate "2013.04.25"]

1. d4 Nf6 2. f3 e6 3. e4 c5 4. d5 d6 5. c4 Be7 6. Nc3 O-O 7. Bd3 e5 8. Nge2 Nh5
9. O-O Bg5 10. f4 Nxf4 11. Nxf4 Bxf4 12. Bxf4 exf4 13. Rxf4 Qg5 14. Qf3 h5 15.
Rf1 f6 16. Nb5 Nd7 17. Nxd6 Ne5 18. Qe3 Bg4 19. Be2 Ng6 20. Bxg4 hxg4 21. g3
Nxf4 22. gxf4 Qh6 23. Nf5 Qh3 24. Qxc5 g6 25. Ng3 Rac8 26. Qd4 Rf7 27. d6 b6
28. Rd1 Rd8 29. Qd5 Qh6 30. Rf1 Kf8 31. b4 Qg7 32. c5 bxc5 33. bxc5 Rfd7 34. e5
fxe5 35. fxe5+ Rf7 36. Rxf7+ Qxf7 37. e6 Qf4 38. e7+ 1-0

[Event "XXXIV Moglianoscacchi B"]
[Site "Mogliano Veneto ITA"]
[Date "2013.04.27"]
[Round "4"]
[White "Simonetto, Alessio"]
[Black "Marchetti, Roberto"]
[WhiteElo "1662"]
[BlackElo "1758"]
[Result "1-0"]
[PlyCount "71"]
[EventDate "2013.04.25"]

1. f4 c5 2. e3 Nc6 3. Nf3 e6 4. b3 Nf6 5. Bb2 Be7 6. Be2 b5 7. O-O O-O 8. a3 d5
9. d3 Qc7 10. Qd2 Rd8 11. Nc3 a6 12. Nd1 d4 13. e4 g6 14. Nf2 Nh5 15. Nh3 Bf8
16. Nh4 Bh6 17. Bxh5 gxh5 18. Qe2 e5 19. f5 Rd6 20. Qxh5 Be3+ 21. Kh1 Rh6 22.
Qg4+ Kh8 23. Bc1 Qe7 24. Ng5 Bd7 25. Bxe3 dxe3 26. Nhf3 Rg8 27. f6 Rxf6 28. Qh5
h6 29. h4 Kg7 30. Nh3 Kf8 31. Nh2 Bxh3 32. gxh3 Qe6 33. Ng4 Rfg6 34. Rae1 Rxg4
35. hxg4 Qxg4 36. Qxf7# 1-0

[Event "XXXIV Moglianoscacchi B"]
[Site "Mogliano Veneto ITA"]
[Date "2013.04.27"]
[Round "4"]
[White "Stefan, Marco"]
[Black "Bergamasco, Tommaso"]
[WhiteElo "1840"]
[BlackElo "1680"]
[Result "0-1"]
[PlyCount "52"]
[EventDate "2013.04.25"]

1. e4 c6 2. d4 d5 3. Nc3 dxe4 4. Nxe4 Bf5 5. Ng3 Bg6 6. Bc4 e6 7. N1e2 Bd6 8.
O-O Nf6 9. f4 Qc7 10. f5 exf5 11. Nxf5 Bxf5 12. Rxf5 Bxh2+ 13. Kh1 Bd6 14. Bh6
Rg8 15. Bxg7 Rxg7 16. Rxf6 Nd7 17. Rf3 Nb6 18. Bd3 O-O-O 19. Bf5+ Kb8 20. Qd3
Re8 21. Raf1 Qe7 22. Nc3 Qh4+ 23. Bh3 Reg8 24. Qe4 Rxg2 25. Rg3 Qxe4 26. Rxg2
Qe8 0-1

[Event "XXXIV Moglianoscacchi B"]
[Site "Mogliano Veneto ITA"]
[Date "2013.04.27"]
[Round "4"]
[White "Viviani, Bruno"]
[Black "Sotter-Klundt, Gerlinde"]
[WhiteElo "1729"]
[BlackElo "1803"]
[Result "1-0"]
[PlyCount "49"]
[EventDate "2013.04.25"]

1. d4 d5 2. Nc3 e6 3. Nf3 Nf6 4. Bg5 Be7 5. Bxf6 Bxf6 6. e4 O-O 7. Bd3 c6 8. h4
Re8 9. e5 Be7 10. Qd2 f5 11. exf6 Bxf6 12. Ne2 Nd7 13. Ng5 Nf8 14. f4 h6 15.
Nf3 Qe7 16. g4 g6 17. g5 Bg7 18. h5 gxh5 19. gxh6 Bxh6 20. O-O-O Qf6 21. Ne5
Re7 22. Rxh5 Nd7 23. Rdh1 Bg7 24. Bh7+ Kf8 25. Ng6+ 1-0

[Event "XXXIV Moglianoscacchi B"]
[Site "Mogliano Veneto ITA"]
[Date "2013.04.27"]
[Round "4"]
[White "Zangrando, Gianpietro"]
[Black "Balzan, Marco"]
[WhiteElo "1784"]
[BlackElo "1732"]
[Result "0-1"]
[PlyCount "92"]
[EventDate "2013.04.25"]

1. Nf3 d5 2. d4 Nf6 3. c4 e6 4. Nc3 Be7 5. g3 b6 6. Bg2 Bb7 7. O-O O-O 8. Ne5
Nbd7 9. cxd5 Nxe5 10. dxe5 Nxd5 11. Ne4 Nb4 12. Bd2 Bxe4 13. Bxb4 Rb8 14. Bxe4
Bxb4 15. Qc2 g6 16. a3 Be7 17. Rfd1 Qc8 18. h4 Kg7 19. Rd2 Rd8 20. Rad1 Rxd2
21. Rxd2 c5 22. Qa4 a6 23. f4 c4 24. Qd7 Qc5+ 25. Qd4 Qxd4+ 26. Rxd4 Bc5 27. e3
Bxd4 28. exd4 Rd8 29. Kf2 Rxd4 30. Ke3 Rd7 31. g4 Re7 32. Kd4 Rc7 33. a4 Kf8
34. f5 b5 35. axb5 axb5 36. Kc3 h5 37. fxg6 fxg6 38. Bxg6 hxg4 39. h5 Rc5 40.
Kd4 Rd5+ 41. Ke4 g3 42. Kf3 Rxe5 43. Kxg3 Re2 44. h6 Rxb2 45. Kf4 c3 46. Ke5 c2
0-1

[Event "XXXIV Moglianoscacchi B"]
[Site "Mogliano Veneto ITA"]
[Date "2013.04.28"]
[Round "5"]
[White "Balzan, Marco"]
[Black "Bortolotto, Denzio"]
[WhiteElo "1732"]
[BlackElo "1815"]
[Result "1-0"]
[PlyCount "105"]
[EventDate "2013.04.25"]

1. e4 c5 2. Nf3 d6 3. d4 cxd4 4. Nxd4 Nf6 5. Nc3 a6 6. f3 e5 7. Nb3 Be6 8. Be3
Nbd7 9. Qd2 b5 10. O-O-O Be7 11. g4 Nb6 12. Bxb6 Qxb6 13. h4 b4 14. Nd5 Bxd5
15. exd5 O-O 16. h5 a5 17. Kb1 a4 18. Nc1 Nd7 19. g5 Nc5 20. Bc4 Qa5 21. Rdg1
b3 22. Qxa5 bxc2+ 23. Kxc2 Rxa5 24. b4 axb3+ 25. axb3 Ra7 26. Nd3 Rc8 27. Nb4
Bf8 28. Kc3 Rca8 29. g6 fxg6 30. hxg6 h6 31. Nc6 Ra2 32. Rb1 Rf2 33. Rhf1 Raa2
34. Nd8 Be7 35. Ne6 Bf6 36. Nxc5 dxc5 37. d6+ Kf8 38. Kd3 Rfd2+ 39. Ke3 Rxd6
40. Rbd1 Rd4 41. Ra1 Bg5+ 42. f4 Bxf4+ 43. Kf3 Rdd2 44. Rxa2 Rxa2 45. Rd1 Rd2
46. Ra1 Rd8 47. Ra7 Rd1 48. Rf7+ Ke8 49. Rxg7 Rg1 50. Rh7 Kf8 51. Rf7+ Ke8 52.
g7 Bd2 53. Rf8+ 1-0